Innovation and Change (Record no. 349969)
[ view plain ]
| 000 -LEADER | |
|---|---|
| fixed length control field | 00511nam a22001817a 4500 |
| 003 - CONTROL NUMBER IDENTIFIER | |
| control field | OSt |
| 005 - DATE AND TIME OF LATEST TRANSACTION | |
| control field | 20180116183004.0 |
| 008 - FIXED-LENGTH DATA ELEMENTS--GENERAL INFORMATION | |
| fixed length control field | 150804b xxu||||| |||| 00| 0 eng d |
| 020 ## - INTERNATIONAL STANDARD BOOK NUMBER | |
| International Standard Book Number | 9781861527837 |
| 040 ## - CATALOGING SOURCE | |
| Transcribing agency | 0 |
| 082 ## - DEWEY DECIMAL CLASSIFICATION NUMBER | |
| Classification number | 658.514 KIN 2002 |
| 100 ## - MAIN ENTRY--PERSONAL NAME | |
| Personal name | NIgel King and Neil Anderson |
| 245 ## - TITLE STATEMENT | |
| Title | Innovation and Change |
| Remainder of title | A Critical guide for Organizations |
| Statement of responsibility, etc. | Nigel king and Neil Anderson |
| 260 ## - PUBLICATION, DISTRIBUTION, ETC. | |
| Place of publication, distribution, etc. | USA |
| Name of publisher, distributor, etc. | Thomson |
| Date of publication, distribution, etc. | 2002 |
| 300 ## - PHYSICAL DESCRIPTION | |
| Extent | 255 p. |
| Other physical details | PB |
| 440 ## - SERIES STATEMENT/ADDED ENTRY--TITLE | |
| Title | Manovation and Change |
| 942 ## - ADDED ENTRY ELEMENTS (KOHA) | |
| Source of classification or shelving scheme | |
| Koha item type | Book |
| Withdrawn status | Lost status | Source of classification or shelving scheme | Damaged status | Not for loan | Permanent Location | Current Location | Shelving location | Date acquired | Total Checkouts | Full call number | Barcode | Date last seen | Date last checked out | Price effective from | Koha item type |
|---|---|---|---|---|---|---|---|---|---|---|---|---|---|---|---|
| Central Library (CL) | Central Library (CL) | General Stacks | 08/04/2015 | 1 | 658.514 KIN 2002 | NBS9244 | 12/16/2022 | 11/05/2022 | 08/04/2015 | Book |
